• 首页
  • 本馆介绍
  • 公告通知
  • 最新文献
  • 馆藏检索
  • 电子资源
  • 读者导购
  • 参考咨询
  • 我的图书馆
  • 登录
  • 详细信息显示
  • 放入我的书架
  • 预约/预借图书
  • 作者相关作品
  • 分类相关作品
  • 丛书相关作品
  • 出版社相关作品

书目信息

  • 表格格式
  • 工作单格式
  • 卡片格式
题名:
外交风云录
    
 
作者: 别日柯夫 著 ;李金田 , 许俊基 , 鄂文 , 李金田 , 晓荣 译
分册:  
出版信息: 北京   世界知识出版社  1981.6
页数: 339页
开本: 20cm
丛书名:
单 册:
中图分类: D851.29
科图分类:
主题词: 对外关系--国际关系史--苏联 , 外交史--苏联
电子资源:
ISBN:
000 00801nam0 2200265 45
001 0306160981
005 20060817174736.70
010    @dCNY1.10
091    @a3003.1611
100    @a20030616d1981 km y0chiy0120 ea
101 0  @achi
200 1  @a外交风云录@AWai Jiao Feng Yun Lu@f(苏)瓦·米·别日柯夫著@F(Su)Wa·Mi·Bie Ri Ke Fu Zhu@g李金田,许俊基,晓荣译@g鄂文,李金田校
210    @a北京@c世界知识出版社@d1981.6
215    @a339页@d20cm
606 0  @a对外关系@x国际关系史@y苏联
606 0  @a外交史@y苏联
690    @aD851.29@v3
701  0 @a别日柯夫@4著
702  0 @a李金田@ALi Jin Tian@4译
702  0 @a许俊基@AXu Jun Ji@4译
702  0 @a鄂文@AE Wen@4校
702  0 @a李金田@ALi Jin Tian@4校
702  0 @a晓荣@AXiao Rong@4译
801    @aCN@bTSTC@c20060817
905    @dD851.29@e7@f1@b93133
    
    外交风云录/(苏)瓦·米·别日柯夫著/李金田,许俊基,晓荣译/鄂文,李金田校.-北京:世界知识出版社,1981.6
    339页;20cm
    
    
    ISBN :CNY1.10
    
●
相关链接 在E读中查询图书 在五车中查询图书 在当当中查询图书 在豆瓣中查询图书


正题名:外交风云录     索取号:D851.29/7         预约/预借

序号 登录号 条形码 馆藏地/架位号 状态 备注
1 0093132   001027891   第一借阅区/ [索取号:D851.29/7] 在馆    
2 0093133   001027882   第一样本阅览室/ [索取号:D851.29/7] 在馆    
3 0229622   001802810   密集书库/ [索取号:D851.29/7] 在馆    
4 0229623   001802776   密集书库/ [索取号:D851.29/7] 在馆    
5 0229624   001802730   密集书库/ [索取号:D851.29/7] 在馆    
6 0465528   204655284   密集书库/ [索取号:D851.29/7] 在馆    
唐山师范学院图书馆 欢迎您!
大连网信软件有限公司© 版权所有